Rino y Pajarito.
Shranjeno v:
| Glavni avtor: | |
|---|---|
| Drugi avtorji: | |
| Format: | Knjiga |
| Jezik: | španščina |
| Izdano: |
Santiago, Chile; Buenos Aires, Argentina:
Hueders,
2012.
|
| Serija: | Hueders Niños.
|
| Teme: | |
| Oznake: |
Označite
Brez oznak, prvi označite!
|
MARC
| LEADER | 00000nam a22000007a 4500 | ||
|---|---|---|---|
| 003 | CL-VaPUC | ||
| 005 | 20250321101919.0 | ||
| 008 | 250114t2012 ||||| |||| 00| 0 spa d | ||
| 999 | |c 446514 |d 446512 | ||
| 020 | |a 978-956-8935-13-9 | ||
| 040 | |c Pontificia Universidad Católica de Valparaíso | ||
| 082 | |2 22 |a Ar863 CUR 2012 | ||
| 100 | |9 895396 |a Curti, Pablo |e autor | ||
| 245 | |a Rino y Pajarito. | ||
| 260 | |a Santiago, Chile; |a Buenos Aires, Argentina: |b Hueders, |c 2012. | ||
| 300 | |a 49 páginas: |b ilustraciones. | ||
| 490 | |a Hueders Niños. | ||
| 500 | |a c.1 Instituto Arcos. 08-01-2025 | ||
| 583 | |c 20250114 |k Yessy Sthefany Diaz Vidal | ||
| 650 | 0 | |9 308508 |a Cuentos infantiles argentinos |x Amistad, miedo, etc. |y Siglo 21 | |
| 650 | 0 | |a Cuentos infantiles argentinos |x Ilustrados |9 895408 | |
| 700 | |9 895397 |a Picchetti, Inés |e ilustraciones | ||
| 942 | |2 ddc |c BK |n 0 | ||
| 952 | |0 0 |1 0 |2 ddc |4 0 |6 AR_863_000000000000000_CUR_2012 |7 0 |8 A |9 599291 |a BIBINC |b BIBINC |d 2025-01-14 |e Instituto Arcos |i 5664259 |o Ar863 CUR 2012 |p 5664259 |r 2025-01-14 |t 1 |w 2025-01-14 |y BK |k IFP | ||